West Midlands Special Review Area: report of Inspectors appointed by the Minister of Housing and Local Government to hear objections to the proposals of the Local Government Commission for England for a pattern of County Boroughs for the Black Country (Record no. 489072)

000 -LEADER
fixed length control field 00607cam a22001097a 4500
008 - FIXED-LENGTH DATA ELEMENTS--GENERAL INFORMATION
fixed length control field 180718b1962 xxu||||| |||| 00| 0 eng d
082 ## - DEWEY DECIMAL CLASSIFICATION NUMBER
Classification number B7x42 UN3WM
245 ## - TITLE STATEMENT
Title West Midlands Special Review Area: report of Inspectors appointed by the Minister of Housing and Local Government to hear objections to the proposals of the Local Government Commission for England for a pattern of County Boroughs for the Black Country
Statement of responsibility, etc. by Ministry of Housing and Local Government
260 ## - PUBLICATION, DISTRIBUTION, ETC.
Place of publication, distribution, etc. London
Name of publisher, distributor, etc. Her Majesty's Stationery Office
Date of publication, distribution, etc. 1962
300 ## - PHYSICAL DESCRIPTION
Extent 101p.
700 ## - ADDED ENTRY--PERSONAL NAME
Personal name United Kingdom. Ministry of Housing and Local Government
Holdings
Withdrawn status Lost status Damaged status Not for loan Permanent Location Current Location Date acquired Full call number Barcode Date last seen Price effective from Koha item type
        Indian Institute of Public Administration Indian Institute of Public Administration 2018-08-04 B7x42 UN3WM G2746 2018-08-04 2018-08-04 G

Powered by Koha